• 首页
  • 本馆介绍
  • 公告通知
  • 最新文献
  • 馆藏检索
  • 电子资源
  • 读者导购
  • 参考咨询
  • 我的图书馆
  • 登录
  • 详细信息显示
  • 放入我的书架
  • 预约/预借图书
  • 作者相关作品
  • 分类相关作品
  • 丛书相关作品
  • 出版社相关作品

书目信息

  • 表格格式
  • 工作单格式
  • 卡片格式
题名:
二十国集团 (G20) 发展报告
    
 
作者: 牛华勇, 主编
分册: 2020-2021  
出版信息: 北京   经济日报出版社  2021.10
页数: 364页
开本: 24cm
丛书名:
单 册:
中图分类: F116
科图分类:
主题词: 国际经济合作组织--guo ji jing ji he zuo zu zhi--研究报告--2020-2021
电子资源:
ISBN: 978-7-5196-0893-4
000 01207nam0 2200289 450
001 CAL 010732851
005 20230308154736.89
010    @a978-7-5196-0893-4@dCNY48.00
100    @a20211214d2021 em y0chiy0120 ea
101 0  @achi
102    @aCN@b110000
105    @aak a 000yy
106    @ar
200 1  @a二十国集团 (G20) 发展报告@Aer shi guo ji tuan ( G20 ) fa zhan bao gao@h2020-2021@f牛华勇主编
210    @a北京@c经济日报出版社@d2021.10
215    @a364页@c图@d24cm
300    @a北京外国语大学二十国集团研究中心
312    @a英文题名取自封面
314    @a牛华勇, 经济学博士, 教授, 北京外国语大学国际商学院院长。
320    @a有书目
330    @a本书从经济观察、国际经济组织观察、气候与能源等方面入手, 通过收集和整理第一手资料, 对2020年度G20重要成员国经济发展情况、国际组织与智库观察、国别研究等进行分析与探讨。此外, 本书还从不同的领域对不同的成员国进行了学术分析, 提出了一些较有见地的观点。
510 1  @aDevelopment report on G20@h2020-2021@zeng
606 0  @a国际经济合作组织@Aguo ji jing ji he zuo zu zhi@x研究报告@z2020-2021
690    @aF116@v5
701  0 @a牛华勇,@Aniu hua yong@f1976-@4主编
801  0 @aCN@bBJXHXP@c20230308
905    @b1408407-10@dF116@e206(2020-2021)@f4
    
    二十国集团 (G20) 发展报告.2020-2021/牛华勇主编.-北京:经济日报出版社,2021.10
    364页:图;24cm
    北京外国语大学二十国集团研究中心
    
    ISBN 978-7-5196-0893-4:CNY48.00
    本书从经济观察、国际经济组织观察、气候与能源等方面入手, 通过收集和整理第一手资料, 对2020年度G20重要成员国经济发展情况、国际组织与智库观察、国别研究等进行分析与探讨。此外, 本书还从不同的领域对不同的成员国进行了学术分析, 提出了一些较有见地的观点。
●
相关链接 在E读中查询图书 在五车中查询图书 在当当中查询图书 在豆瓣中查询图书


正题名:二十国集团 (G20) 发展报告     索取号:F116/206(2020-2021)         预约/预借

序号 登录号 条形码 馆藏地/架位号 状态 备注
1 1408407   214084079   第一样本阅览室/ [索取号:F116/206(2020-2021)] 在馆    
2 1408408   214084088   第一借阅区/ [索取号:F116/206(2020-2021)] 在馆    
3 1408409   214084097   第一借阅区/ [索取号:F116/206(2020-2021)] 在馆    
4 1408410   214084104   第一借阅区/ [索取号:F116/206(2020-2021)] 在馆    
唐山师范学院图书馆 欢迎您!
大连网信软件有限公司© 版权所有